MARC details
| 000 -LEADER |
| fixed length control field |
02805cad a22003495a 4500 |
| 001 - CONTROL NUMBER |
| control field |
L146315 |
| 008 - FIXED-LENGTH DATA ELEMENTS--GENERAL INFORMATION |
| fixed length control field |
090109e20081105xxk f v 000 0 eng d |
| 035 ## - SYSTEM CONTROL NUMBER |
| System control number |
(Sirsi) u146315 |
| 041 0# - LANGUAGE CODE |
| Language code of text/sound track or separate title |
eng |
| 245 00 - TITLE STATEMENT |
| Title |
Alchemy Estates Ltd v Astor |
| Medium |
[electronic resource] |
| 260 ## - PUBLICATION, DISTRIBUTION, ETC. |
| Date of publication, distribution, etc. |
2008 |
| 520 ## - SUMMARY, ETC. |
| Summary, etc. |
[2008] EWHC 2675 (Ch), 5 November 2008. The right in the Standard Conditions of Sale (fourth edition) to rescind a contract for the sale of leasehold land if consent to assignment of the lease had not been obtained three working days before the completion date had to be exercised by that date, or soon after. Applicants (A) applied for summary judgement in a matter with company (E) on the sale of leasehold land where contracts had been exchanged and a completion date fixed. The contract held the Standard Conditions of Sale (fourth edition), that said that the seller had to obtain the permission of the landlord (or to prove that all reasonable attempts to obtain it had been made). Completion was delayed slightly as A failed to obtain the landlord's permission, partially as a result of providing incorrect documents. E continued to express an interest in the purchase but made a greatly reduced offer for it some months later. Held: Application granted. Where standard and special conditions had been used, there was no indication that the standard conditions had been displaced and where possible, they should be viewed as one contractual scheme. The word 'required' in relation to obtaining the landlord's consent was a practical term and was not binding. Where the right of recission was not exercised promptly, both parties had to be taken as having decided to proceed with the allocation of risk set out in the contract. E had not given warning of an intention to rescind and its actions throughout indicated that it would complete the sale. |
| 521 ## - TARGET AUDIENCE NOTE |
| Target audience note |
Advanced |
| 590 ## - LOCAL NOTE (RLIN) |
| Local note |
KA |
| 650 24 - SUBJECT ADDED ENTRY--TOPICAL TERM |
| Topical term or geographic name entry element |
ALCHEMY ESTATES LTD V ASTOR |
| 650 24 - SUBJECT ADDED ENTRY--TOPICAL TERM |
| Topical term or geographic name entry element |
AQUIS ESTATES LTD V MINTON |
| 650 24 - SUBJECT ADDED ENTRY--TOPICAL TERM |
| Topical term or geographic name entry element |
LEASEHOLD REFORM ACT 1967 |
| 650 24 - SUBJECT ADDED ENTRY--TOPICAL TERM |
| Topical term or geographic name entry element |
HOMBURG HOUTIMPORT BV V AGROSIN PRIVATE LTD (THE STARSIN) |
| 650 24 - SUBJECT ADDED ENTRY--TOPICAL TERM |
| Topical term or geographic name entry element |
ICI CHEMICALS & POLYMERS LTD V TT TRAINING LTD |
| 650 24 - SUBJECT ADDED ENTRY--TOPICAL TERM |
| Topical term or geographic name entry element |
PROPERTY & BLOODSTOCK LTD V EMERTON |
| 650 24 - SUBJECT ADDED ENTRY--TOPICAL TERM |
| Topical term or geographic name entry element |
QUINION V HORNE |
| 650 24 - SUBJECT ADDED ENTRY--TOPICAL TERM |
| Topical term or geographic name entry element |
SELKIRK V ROMAR INVESTMENTS LTD |
| 650 24 - SUBJECT ADDED ENTRY--TOPICAL TERM |
| Topical term or geographic name entry element |
SMITH V WALLACE |
| 650 24 - SUBJECT ADDED ENTRY--TOPICAL TERM |
| Topical term or geographic name entry element |
ST LEONARD'S SHOREDITCH RECTORY V HUGHES |
| 650 24 - SUBJECT ADDED ENTRY--TOPICAL TERM |
| Topical term or geographic name entry element |
AUBERGINE ENTERPRISES LTD V LAKEWOOD INTERNATIONAL LTD |
| 650 24 - SUBJECT ADDED ENTRY--TOPICAL TERM |
| Topical term or geographic name entry element |
BOWMAN V HYLAND |
| 650 24 - SUBJECT ADDED ENTRY--TOPICAL TERM |
| Topical term or geographic name entry element |
BRICKWOODS LTD V BUTLER & ANOR |
| 651 #4 - SUBJECT ADDED ENTRY--GEOGRAPHIC NAME |
| Geographic name |
England and Wales |
| Chronological subdivision |
1543- |
| 690 ## - LOCAL SUBJECT ADDED ENTRY--TOPICAL TERM (OCLC, RLIN) |
| Topical term or geographic name as entry element |
PROPERTY-RESIDENTIAL PROPERTY-ACQUISITION AND DISPOSAL OF RESIDENTIAL PROPERTY |
| 856 40 - ELECTRONIC LOCATION AND ACCESS |
| Uniform Resource Identifier |
<a href="https://www.bailii.org/ew/cases/EWHC/Ch/2008/2675.html">https://www.bailii.org/ew/cases/EWHC/Ch/2008/2675.html</a> |
| Public note |
View the item free of charge online at www.bailii.org... |
| 942 ## - ADDED ENTRY ELEMENTS (KOHA) |
| Suppress in OPAC |
0 |